América Latina migrante: estado, familias, identidades /

Αποθηκεύτηκε σε:
Λεπτομέρειες βιβλιογραφικής εγγραφής
Κύριος συγγραφέας: Herrera, Gioconda
Άλλοι συγγραφείς: ed. Ramírez, Jacques ed
Μορφή: Κείμενο
Έκδοση: Quito: FLACSO
Θέματα:
Ετικέτες: Προσθήκη ετικέτας
Δεν υπάρχουν, Καταχωρήστε ετικέτα πρώτοι!

MARC

LEADER 00000 a a2200000 04500
001 38623
003
040
020 |a 978-9978-67-167-2  
090 |a 1001 H565a  
100 |a Herrera, Gioconda  
245 |a América Latina migrante: estado, familias, identidades /  |c Gioconda Herrera 
260 |a Quito:   |b FLACSO  
300 |a 464 p.   |b map.  
650 |a ECUATORIANOS  
650 |a MIGRACION INTERNACIONAL  
650 |a COMUNIDADES  
650 |a REDES SOCIALES  
650 |a ALEMANIA  
650 |a ESPAÑA  
700 |a ed.   |a Ramírez, Jacques   |a ed.  
999 |c 6205  |d 6205